Normal view
MARC view
Entry Topical Term
001 - CONTROL NUMBER
- control field: 23602
003 - CONTROL NUMBER IDENTIFIER
- control field: ARRUPE
005 - DATE AND TIME OF LATEST TRANSACTION
- control field: 20160407114851.0
008 - FIXED-LENGTH DATA ELEMENTS
- fixed length control field: 160407|| aca||aabn | a|a d
040 ## - CATALOGING SOURCE
- Original cataloging agency: ARRUPE
- Transcribing agency: ARRUPE
150 ## - HEADING--TOPICAL TERM
- Topical term or geographic name as entry element: Peace-building
- Geographic subdivision: Congo (Democratic Republic)
670 ## - SOURCE DATA FOUND
- Source citation: Work cat.: (ARRUPE)0: Campbell, Horace. 23137, The Lusaka Peace Agreement :, 2003.